French nuclear testing in the Pacific
Đã lưu trong:
| 格式: | 图书 |
|---|---|
| 语言: | Undetermined |
| 出版: |
Wellington
Ministry of Foreign Affairs
1973
|
| 主题: | |
| 标签: |
添加标签
没有标签, 成为第一个标记此记录!
|
| Thư viện lưu trữ: | Trung tâm Học liệu Trường Đại học Cần Thơ |
|---|
| LEADER | 00439nam a2200157Ia 4500 | ||
|---|---|---|---|
| 001 | CTU_21532 | ||
| 008 | 210402s9999 xx 000 0 und d | ||
| 082 | |a 341.0268 | ||
| 082 | |b M665 | ||
| 245 | 0 | |a French nuclear testing in the Pacific | |
| 260 | |a Wellington | ||
| 260 | |b Ministry of Foreign Affairs | ||
| 260 | |c 1973 | ||
| 650 | |a international law | ||
| 904 | |i Minh, 980112 | ||
| 980 | |a Trung tâm Học liệu Trường Đại học Cần Thơ | ||